Statistics for Naval Ensigns by Country

Click here to take the quiz!

General Stats

  • This quiz has been taken 51 times
  • The average score is 9 of 16

Answer Stats

Answer% Correct
China
98%
Australia
84%
Bulgaria
80%
Algeria
78%
Belgium
76%
Kazakhstan
76%
Hungary
71%
Oman
67%
Bolivia
44%
North Korea
42%
Russia
42%
Latvia
31%
Tonga
31%
Azerbaijan
27%
Georgia
4%
Mauritius
2%

Score Distribution

Percentile by Number Answered

Percent of People with Each Score

Your Score History

You have not taken this quiz